000 00506nam a2200193Ia 4500
003 LK-CoDNM
008 010623t1925 xxu||||| |||| 00| 1 eng d
040 _aLK-CoDNM
_dLK-CoDNM
_eLK-CoDNM
041 _aeng
080 _a7 L.17
100 _aBinyon,Laurence
_eed.
245 _aMy Pilgrimages to Ajanta and Bagh
260 _bThornton Butterworth Limited
_aLondon
_c1925
300 _b244p.90pl, 24 cm
650 _aCaves
650 _aGautama Buddha
700 _aDey,Sri Mukul Chandra
942 _cBK
999 _c92710
_d92710